| 000 | 00000nam##2200000za#4500 |
| 001 | 9.608182 |
| 003 | CaOODSP |
| 005 | 20210624213510 |
| 007 | cr ||||||||||| |
| 008 | 150406|2005||||xxc|||||o f|0| 0 fre|d |
| 040 | |aCaOODSP|bfre |
| 043 | |an-cn--- |
| 086 | 1 |aSC102-2/4-2005F-MP3 |
| 110 | 2 |aÉcole de la fonction publique du Canada. |
| 245 | 10|aExprimer des relations de possession. Fichier audio |h[ressource électronique] |
| 246 | 1 |iTitre additionnel (dans la publication) : |aAuto-évaluation - Activités orales : Objectif de formation 4 |
| 260 | |bÉcole de la fonction publique du Canada |
| 300 | |aDurée : 00:18:07 |
| 490 | 1 |aProgramme de français langue seconde - Niveaux A et B. Fichier audio |vObjectif de formation 4, 2005 |
| 500 | |aTitre de l'édition imprimée et du catalogueur. Fichiers audio qui accompagnent la version imprimée (SC102-2/4-2005F) et électronique (SC102-2/4-2005F-PDF) de ce titre. Comprend des activités de mise en train et de performance d'auto-évaluation orale. |
| 590 | |a15-01-Supp|b2015-01-26 |
| 590 | |a14-52-Supp|b2014-08-22 |
| 830 | #0|aProgramme de français langue seconde - Niveaux A et B. Fichier audio ;|vObjectif de formation 4, 2005|w(CaOODSP)9.504304 |
| 856 | 40|ahttp://publications.gc.ca|qMP3|s666 Ko|uhttps://publications.gc.ca/collections/collection_2015/efpc-csps/SC102-2-4-30-2005-fra.mp3 |
| 856 | 40|ahttp://publications.gc.ca|qMP3|s8557 Ko|uhttps://publications.gc.ca/collections/collection_2015/efpc-csps/SC102-2-4-37-2005-fra.mp3 |
| 856 | 40|ahttp://publications.gc.ca|qMP3|s2384 Ko|uhttps://publications.gc.ca/collections/collection_2015/efpc-csps/SC102-2-4-44-2005-fra.mp3 |
| 856 | 40|ahttp://publications.gc.ca|qMP3|s4622 Ko|uhttps://publications.gc.ca/collections/collection_2015/efpc-csps/SC102-2-4-5-2005-fra.mp3 |
| 856 | 40|ahttp://publications.gc.ca|qMP3|s7133 Ko|uhttps://publications.gc.ca/collections/collection_2015/efpc-csps/SC102-2-4-3m-2005-fra.mp3 |
| 856 | 40|ahttp://publications.gc.ca|qMP3|s3710 Ko|uhttps://publications.gc.ca/collections/collection_2015/efpc-csps/SC102-2-4-45-2005-fra.mp3 |
| 856 | 40|ahttp://publications.gc.ca|qMP3|s2980 Ko|uhttps://publications.gc.ca/collections/collection_2015/efpc-csps/SC102-2-4-51-2005-fra.mp3 |
| 856 | 40|ahttp://publications.gc.ca|qMP3|s2349 Ko|uhttps://publications.gc.ca/collections/collection_2015/efpc-csps/SC102-2-4-52-2005-fra.mp3 |
| 856 | 40|ahttp://publications.gc.ca|qMP3|s5955 Ko|uhttps://publications.gc.ca/collections/collection_2015/efpc-csps/SC102-2-4-15-2005-fra.mp3 |
| 856 | 40|ahttp://publications.gc.ca|qMP3|s724 Ko|uhttps://publications.gc.ca/collections/collection_2015/efpc-csps/SC102-2-4-31-2005-fra.mp3 |
| 856 | 40|ahttp://publications.gc.ca|qMP3|s2124 Ko|uhttps://publications.gc.ca/collections/collection_2015/efpc-csps/SC102-2-4-53-2005-fra.mp3 |
| 856 | 40|ahttp://publications.gc.ca|qMP3|s2136 Ko|uhttps://publications.gc.ca/collections/collection_2015/efpc-csps/SC102-2-4-55-2005-fra.mp3 |
| 856 | 40|ahttp://publications.gc.ca|qMP3|s1959 Ko|uhttps://publications.gc.ca/collections/collection_2015/efpc-csps/SC102-2-4-57-2005-fra.mp3 |
| 856 | 40|ahttp://publications.gc.ca|qMP3|s6825 Ko|uhttps://publications.gc.ca/collections/collection_2015/efpc-csps/SC102-2-4-58-2005-fra.mp3 |
| 856 | 40|ahttp://publications.gc.ca|qMP3|s4885 Ko|uhttps://publications.gc.ca/collections/collection_2015/efpc-csps/SC102-2-4-1p-2005-fra.mp3 |
| 856 | 40|ahttp://publications.gc.ca|qMP3|s8259 Ko|uhttps://publications.gc.ca/collections/collection_2015/efpc-csps/SC102-2-4-2m-2005-fra.mp3 |
| 856 | 40|ahttp://publications.gc.ca|qMP3|s3020 Ko|uhttps://publications.gc.ca/collections/collection_2015/efpc-csps/SC102-2-4-2p-2005-fra.mp3 |
| 856 | 40|ahttp://publications.gc.ca|qMP3|s2650 Ko|uhttps://publications.gc.ca/collections/collection_2015/efpc-csps/SC102-2-4-3p-2005-fra.mp3 |
| 856 | 40|ahttp://publications.gc.ca|qMP3|s1863 Ko|uhttps://publications.gc.ca/collections/collection_2015/efpc-csps/SC102-2-4-54-2005-fra.mp3 |
| 856 | 40|ahttp://publications.gc.ca|qMP3|s1441 Ko|uhttps://publications.gc.ca/collections/collection_2015/efpc-csps/SC102-2-4-56-2005-fra.mp3|yObjectif de formation 4, 2005 |